000 00278nam a2200097Ia 4500
008 240331s9999 xx 000 0 und d
082 _bHAR
100 _aHarriss, J
245 0 _aCapitalism and peasant structure :
_bagrarian structure and ideology in Northern Tamil Nadu
942 _cL
999 _c2242
_d2242